| 000 | 02325nam a22003737a 4500 | ||
|---|---|---|---|
| 001 | 100112 | ||
| 003 | KnowledgeUnlatched | ||
| 005 | 20210303105322.0 | ||
| 006 | m o d | ||
| 007 | cr u|||||||||| | ||
| 008 | 210129p20172018nyu o u00| u eng d | ||
| 035 | _a(OCoLC)1030820427 | ||
| 037 | _5BiblioBoard | ||
| 245 | 0 | 0 |
_aFootprints in Paradise _bEthnography of Ecotourism, Local Knowledge and Nature Therapies in Okinawa / _cAndrea E. Murray. |
| 020 | _a9781785334733 | ||
| 029 | 1 | _ahttps://library.biblioboard.com/ext/api/media/8aa118a4-18b7-4d5b-94d0-f9f24260778a/assets/thumbnail.jpg | |
| 040 |
_aScCtBLL _cScCtBLL |
||
| 100 | 1 |
_aMurray, Andrea E. _eauthor. |
|
| 264 | 1 | _bBerghahn Books, | |
| 300 | _a1 online resource (185 p.) | ||
| 506 | 0 |
_aAccess copy available to the general public. _fUnrestricted _2star |
|
| 520 | _aIn Okinawa, the southernmost prefecture of Japan, "ecotourism" promises to provide employment for a dwindling population of rural youth while preserving the natural environment and bolstering regional pride. Footprints in Paradise centers on how Okinawans' sense of place is transforming rapidly, along with language, landscapes, cultural traditions, and wildlife: from marginalized and exoticized island phenomena into global heritage resources worth cherishing by insiders and outsiders. Footprints in Paradise is intended for readers interested in the anthropology of US-Japan-Okinawa relations, tourism and island environments, the politics of ecological sustainability, and the shifting ethics of human-animal relationships in the early twenty-first century. | ||
| 588 | 0 | _aDescription based on print version record. | |
| 590 | _aKU Select 2016 Front List Collection | ||
| 650 | 7 |
_aSocial Science / Anthropology / Cultural & Social _2bisacsh |
|
| 650 | 7 |
_aSocial Science / Anthropology _2bisacsh |
|
| 650 | 0 | _aSocial sciences | |
| 655 | 0 | _aElectronic books. | |
| 758 |
_iIs found in: _aKnowledge Unlatched _1https://openresearchlibrary.org/module/2774bc74-146a-484f-a7ba-ab1d6a09bbfb |
||
| 856 | 4 | 0 |
_uhttps://openresearchlibrary.org/content/8aa118a4-18b7-4d5b-94d0-f9f24260778a _zView this content on Open Research Library. _70 |
| 999 |
_c34139 _d34139 |
||